LEADER 01135nam a2200277 u 4500 001 000000054088 003 CaOOAMICUS 005 20070226115631.0 008 001128s1968 it u000 u ita u 035 $a10862657 040 $aPUL(R)$bita 100 0 $aAristoteles,$d384-322 a.C.$0(OLS)http://pul/name/792 240 10$aDe generatione et corruptione$9(Aristoteles, 384-322 a.C.).$lItaliano.$0(OLS)http://pul/title/24088 245 10$aGenerazione e corruzione /$cAristotele. 260 $aTorino :$bBoringhieri,$c1968. 300 $a115 p. ;$c24 cm 490 1 $aEnciclopedia di autori classici 830 0$aEnciclopedia di autori classici (Boringhieri).$0(OLS)http://pul/title/38872 850 $aPUL 852 $aPUL$W1$xDP1 Fondo Giannini$y60$m1554 D 19$j71287$nBK-PRI$b $qFondi$B71287$CPULBib$Z2$F71287 $H $81 900 $aAristotle,$d 384-322 a.C.$9792 900 $aAristotele,$d384-322 a.C.$9792 941 1 $a1 961 $aINV: F.GIANNINI 996 $6245$aGenerazione e corruzione$9(OLS)http://pul/title/72558 996 $6260$aTorino :$bBoringhieri$9(OLS)http://pul/publisher/48095 LEADER 01181nam a2200277 a 4500 001 000000150622 003 CaOOAMICUS 005 20160318145651.0 008 160318s1959 it u000 u ita u 032 $aLibriCat 040 $aPUL$bita 100 1 $aMariani, Ugo,$cO.E.S.A.,$d1890-1960.$0(OLS)http://pul/name/14447 245 13$aIl Petrarca e gli Agostiniani /$cUgo Mariani O.E.S.A. 250 $aSeconda edizione. 260 $aRoma :$bEdizioni di Storia e Letteratura,$c1959. 300 $a108 p. ;$c26 cm. 504 $aBibliografia in nota a pič pagina. 600 14$aPetrarca, Francesco,$d1304-1374.$0(OLS)http://pul/subject/4071 610 24$aAgostiniani.$0(OLS)http://pul/subject/9294 850 $aPUL 852 $aPUL$W1$xDP1 Cons. Gen., Altre Classi 1$y22$m699 I 26$j173129$qStampati$B175177$CPULBib$Z2$F175177 $H153 $81 941 1 $a8 961 $aTimbri: Fondo Mons. Igino Cecchetti. Dedica autografa dell?autore a Mons. Cecchetti. 996 $6245$aIl Petrarca e gli Agostiniani$9(OLS)http://pul/title/22613 996 $6260$aRoma :$bEdizioni di Storia e Letteratura$9(OLS)http://pul/publisher/48123